| 000 | 00523nam a2200181Ia 4500 | ||
|---|---|---|---|
| 008 | 100917s9999 xx 000 0 und d | ||
| 082 | _b12987 | ||
| 100 | _aटोळ दत्ता श्री. | ||
| 245 | _aमला वाटते | ||
| 260 |
_bअ. वि. गृह प्रकाशन _c1965 |
||
| 300 | _a29 | ||
| 365 | _b1.4 | ||
| 520 | _aबालविभाग | ||
| 630 | _aमला वाटते | ||
| 650 | _aबालविभाग | ||
| 730 | _aमला वाटते | ||
| 942 | _cBOOK | ||
| 999 |
_c618381 _d618378 |
||